<?xml version="1.0" encoding="UTF-8"?>
<record
    xmlns:xsi="http://www.w3.org/2001/XMLSchema-instance"
    xsi:schemaLocation="http://www.loc.gov/MARC21/slim http://www.loc.gov/standards/marcxml/schema/MARC21slim.xsd"
    xmlns="http://www.loc.gov/MARC21/slim">

  <leader>01981    a2200241   4500</leader>
  <controlfield tag="001">76</controlfield>
  <controlfield tag="005">20260407155407.0</controlfield>
  <controlfield tag="008">260407a2008    arg                 spa d</controlfield>
  <controlfield tag="003">AR-UNSa-BCEJYS</controlfield>
  <datafield tag="040" ind1=" " ind2=" ">
    <subfield code="a">AR-UNSa-BCEJYS</subfield>
    <subfield code="b">spa</subfield>
    <subfield code="c">AR-UNSa-BCEJYS</subfield>
  </datafield>
  <datafield tag="080" ind1=" " ind2=" ">
    <subfield code="a">369.5</subfield>
    <subfield code="x">Seguro de vejez (de jubilaci&#xF3;n)</subfield>
  </datafield>
  <datafield tag="245" ind1="1" ind2="0">
    <subfield code="a">Jubilaciones &amp; Pensiones</subfield>
  </datafield>
  <datafield tag="020" ind1=" " ind2=" ">
    <subfield code="a">978-987-01-0819-1</subfield>
  </datafield>
  <datafield tag="250" ind1=" " ind2=" ">
    <subfield code="a">1a. ed</subfield>
  </datafield>
  <datafield tag="264" ind1=" " ind2="1">
    <subfield code="a">Buenos Aires :</subfield>
    <subfield code="b">Errepar</subfield>
    <subfield code="c">2008</subfield>
  </datafield>
  <datafield tag="300" ind1=" " ind2=" ">
    <subfield code="a">591 p.</subfield>
    <subfield code="c">27 cm.</subfield>
  </datafield>
  <datafield tag="520" ind1=" " ind2=" ">
    <subfield code="a">1. Sistema integrado de jubilaciones y pensiones - 2. Ambito de aplicaci&#xF3;n personal del SIJP - 3. Organos de gesti&#xF3;n y contralor - 4. Obligaciones de los empleadores, de los afiliados y de los beneficiarios - 5. Prestaciones del sistema integrado de jubilaciones y pensiones. Generalidades - 6. Prestaciones por vejez - 7. Retiro por invalidez - 8. Prestaci&#xF3;n por edad avanzada (PEA) - 9. Pensi&#xF3;n por fallecimiento - 10. Asignaciones familiares de beneficiarios del sistema integrado de jubilaciones y pensiones - 11. Reg&#xED;menes diferenciales en el sistema integrado de jubilaciones y pensiones - 12. Deuda por aportes aut&#xF3;nomos. Innovaci&#xF3;n de beneficios - 13. Probatoria de servicios desempe&#xF1;ados por el afiliado - 14. Organismo competente para el otorgamiento de las prestaciones - 15. Reg&#xED;menes especiales - 16. Ley de riesgos del trabajo y prestaciones previsionales - 17. Iniciaci&#xF3;n de las prestaciones - 18. Modalidades de pago de las prestaciones del r&#xE9;gimen de capitalizaci&#xF3;n - 19. Pago de las prestaciones previsionales - 20. Procedimiento administrativo y judicial - 21. Prestaci&#xF3;n anticipada por desempleo (PAD) y regularizaci&#xF3;n deuda aut&#xF3;noma para solicitar prestaci&#xF3;n previsional - 22. Pr&#xE1;ctica derecho a las prestaciones
</subfield>
  </datafield>
  <datafield tag="041" ind1=" " ind2=" ">
    <subfield code="a">spa</subfield>
  </datafield>
  <datafield tag="942" ind1=" " ind2=" ">
    <subfield code="c">BK</subfield>
  </datafield>
  <datafield tag="590" ind1=" " ind2=" ">
    <subfield code="a">niveau_biblio:m niveau_hierar:0</subfield>
  </datafield>
  <datafield tag="100" ind1="1" ind2=" ">
    <subfield code="a">Lodi-Fe, Mar&#xED;a Delia</subfield>
  </datafield>
  <datafield tag="856" ind1="4" ind2="1">
    <subfield code="u">https://biblioeco.unsa.edu.ar/pmb/images/libros/Jubilaciones &amp; Pensiones-117373.jpg</subfield>
    <subfield code="y">Imagen de portada</subfield>
    <subfield code="q">image/jpeg</subfield>
  </datafield>
  <datafield tag="999" ind1=" " ind2=" ">
    <subfield code="c">54</subfield>
    <subfield code="d">54</subfield>
  </datafield>
  <datafield tag="952" ind1=" " ind2=" ">
    <subfield code="0">0</subfield>
    <subfield code="1">0</subfield>
    <subfield code="4">0</subfield>
    <subfield code="7">0</subfield>
    <subfield code="a">BCEJYS</subfield>
    <subfield code="b">BCEJYS</subfield>
    <subfield code="c">16</subfield>
    <subfield code="d">2026-04-07</subfield>
    <subfield code="l">0</subfield>
    <subfield code="o">369.5 L823</subfield>
    <subfield code="p">L117373</subfield>
    <subfield code="r">2026-04-07 15:54:07</subfield>
    <subfield code="w">2026-04-07</subfield>
    <subfield code="y">L</subfield>
  </datafield>
</record>
